000 00391nam a2200157 a 4500
001 12837
005 20180713201139.0
008 140415s1991 000 0 spa d
041 _aspa
082 _a150
_bPSI
245 0 0 _aPSICOLOGIA :
_bIDEOLOGIA Y CIENCIA
250 _a16a ed.
260 _a[s.l.] :
_bSIGLO VEINTIUNO,
_c1991
300 _a419
650 1 4 _aPSICOLOGIA
999 _c12837
_d12837